Restructuralization of higher education system in the context of the Bologna process

Prečo Bolonský proces. Reforma vzdelávania s cieľom harmonizácie akademického sektora. Štyridsaťpäť krajín vrátane Poľska, Ukrajiny a Slovenska sa pripojili k Bolonskému procesu do roku 2005. Bolonský proces a Slovensko. Kľúčové dokumenty. Ciele Bolonského procesu - 11 cieľov. Situácia na Slovensku.

Na minha lista:
Detalhes bibliográficos
Autor principal: Pardelová, Ružena
Formato: Capítulo de Livro
Idioma:inglês
Assuntos:
Tags: Adicionar Tag
Sem tags, seja o primeiro a adicionar uma tag!

MARC

LEADER 00000naa$a2200000$$$4500
001 0057751
005 20240502071641.9
041 0 |a eng 
044 |a SK 
245 1 0 |a Restructuralization of higher education system in the context of the Bologna process  |c Ružena Pardelová 
520 |a Prečo Bolonský proces. Reforma vzdelávania s cieľom harmonizácie akademického sektora. Štyridsaťpäť krajín vrátane Poľska, Ukrajiny a Slovenska sa pripojili k Bolonskému procesu do roku 2005. Bolonský proces a Slovensko. Kľúčové dokumenty. Ciele Bolonského procesu - 11 cieľov. Situácia na Slovensku. 
610 2 0 |a vzdelávanie vysokoškolské 
610 2 0 |a univerzity 
610 2 0 |a reštrukturalizácia 
610 2 0 |a harmonizácia 
100 1 |a Pardelová, Ružena